Theta functions : from the classical to the modern /
Guardado en:
| Otros Autores: | |
|---|---|
| Formato: | Libro |
| Idioma: | English |
| Publicado: |
Providence, R.I., USA :
American Mathematical Society,
c1993.
|
| Series: | CRM proceedings & lecture notes,
v. 1 |
| Materias: | |
| Etiquetas: |
Agregar Etiqueta
Sin Etiquetas, Sea el primero en etiquetar este registro!
|
| LEADER | 01074pam a2200229 a 4500 | ||
|---|---|---|---|
| 001 | MAT.inmabb004173 | ||
| 008 | 930302s1993####riu######b####000#0#eng## | ||
| 005 | 20130228131251.0 | ||
| 245 | 0 | 0 | |a Theta functions : |b from the classical to the modern / |c M. Ram Murty, editor ; B. Berndt ... [et al.]. |
| 260 | |a Providence, R.I., USA : |b American Mathematical Society, |c c1993. | ||
| 300 | |a x, 174 p. ; |c 26 cm. | ||
| 440 | 0 | |a CRM proceedings & lecture notes, |x 1065-8580 ; |v v. 1 | |
| 504 | |a Incluye referencias bibliográficas. | ||
| 505 | 0 | |a Bruce C. Berndt, Ramanujan's theory of theta-functions -- Jeff Hoffstein, Eisenstein series and theta functions on the metaplectic group -- Dipendra Prasad, Weil representation, Howe duality, and the theta correspondence -- Stephen Gelbart, On theta-series liftings for unitary groups. | |
| 510 | 4 | |a MR, |c 93m:11036 | |
| 020 | |a 0821869973 | ||
| 700 | 1 | |a Murty, Maruti Ram. |4 edt | |
| 650 | 0 | |a Functions, Theta. | |
| 084 | |a 11F27 (11-06) |2 msc2000 | ||
| 010 | |a 93015008 | ||
| 040 | |a DLC |c DLC |d DLC | ||
| 859 | |h 11 |i T414 |p A-7184 |b BIB. MATEMATICA | ||
